Les pays les plus militarisés - Statistiques

Statistiques générales
  • Ce quiz a été pris 41 fois
  • Le résultat moyen est 4 sur 15
Statistiques - réponses
Rang Indice Pays % Correct
11 353.60 Russie
90%
14 321.43 Corée-du-Sud
59%
1 436.63 Israël
39%
6 375.46 Arabie Saoudite
32%
9 366.08 Emirats arabes unis
29%
4 380.60 Koweït
24%
2 424.85 Oman
24%
8 374.03 Bahrein
22%
5 377.24 Arménie
20%
13 334.64 Algérie
17%
3 389.17 Azerbaïdjan
17%
12 344.38 Jordanie
15%
10 361.07 Singapour
15%
7 375.03 Brunei
12%
15 318.42 Grèce
10%
Aucun quiz correspondant
Distribution des résultats
% des personnes avec chaque résultat
Percentile par nombre de réponses
Votre historique - résultats
Vous n’avez pas pris ce quiz